000 00951nam a22002777a 4500
001 BR8704348
003 BR-BrBNA
005 20230928092703.0
007 ta
008 230509b bl.||||| |||| 00| 0 por d
040 _aBR-BrBNA
_bpor
_cBiblioteca Nacional de Agricultura
041 _a(Por)
072 _aE14; F01
_b3575
_b/G514
090 _ 3575 BR8704348
110 1 _aSecretaria Nacional de Producao Agropecuaria, Brasilia, DF (Brasil). Secretaria de Producao Vegetal. Coordenadoria de Sementes e Mudas
_99240
245 1 _aSintese e consolidacao dos programas estaduais de producao de sementes fiscalizadas e/ou certificadas. Safra 1981/82. Situacao em fevereiro/marco de 1982
260 3 _aBrasilia, DF (Brasil):
_c1982.
300 _a27 p.
500 _a9 tables
650 _aSEMENTE
650 _aPRODUCAO VEGETAL
650 _aINSPECAO SANITARIA
650 _aAMAZONAS
909 _a202309
_bLucia
_c55
_dLucia Elande
942 _cBK
999 _c40608
_d40608